AP Preseason #1 College Football Teams (1950-Present) - Statistics

General Stats
  • This quiz has been taken 32 times
  • The average score is 71 of 76
Answer Stats
Hint Answer % Correct
1966 Alabama
100%
1978 Alabama
100%
2010 Alabama
100%
2013 Alabama
100%
2016 Alabama
100%
2017 Alabama
100%
2018 Alabama
100%
2021 Alabama
100%
2022 Alabama
100%
1994 Florida
100%
2001 Florida
100%
2009 Florida
100%
2008 Georgia
100%
2023 Georgia
100%
2024 Georgia
100%
2025 Texas
100%
1963 USC
100%
1973 USC
100%
1979 USC
100%
2004 USC
100%
2005 USC
100%
2007 USC
100%
2012 USC
100%
2019 Clemson
96%
2020` Clemson
96%
1988 Florida State
96%
1991 Florida State
96%
1993 Florida State
96%
1995 Florida State
96%
1999 Florida State
96%
2014 Florida State
96%
1958 Ohio State
96%
1962 Ohio State
96%
1969 Ohio State
96%
1970 Ohio State
96%
1980 Ohio State
96%
1998 Ohio State
96%
2006 Ohio State
96%
2015 Ohio State
96%
1955 UCLA
96%
1959 LSU
92%
1990 Miami (FL)
92%
1992 Miami (FL)
92%
2002 Miami (FL)
92%
1981 Michigan
92%
1989 Michigan
92%
1965 Nebraska
92%
1972 Nebraska
92%
1976 Nebraska
92%
1983 Nebraska
92%
1996 Nebraska
92%
2000 Nebraska
92%
1950 Notre Dame
92%
1953 Notre Dame
92%
1954 Notre Dame
92%
1967 Notre Dame
92%
1971 Notre Dame
92%
1956 Oklahoma
92%
1957 Oklahoma
92%
1974 Oklahoma
92%
1975 Oklahoma
92%
1977 Oklahoma
92%
1985 Oklahoma
92%
1986 Oklahoma
92%
1987 Oklahoma
92%
2003 Oklahoma
92%
2011 Oklahoma
92%
1951 Tennessee
92%
1984 Auburn
88%
1997 Penn State
88%
1952 Michigan State
76%
1961 Iowa
68%
1960 Syracuse
68%
1968 Purdue
60%
1982 Pittsburgh
56%
1964 Ole Miss
48%
No matching quizzes found
Score Distribution
Percent of People with Each Score
Percentile by Number Answered
Your Score History
You have not taken this quiz